000 00321nam a2200121Ia 4500
008 221030s9999 xx 000 0 und d
041 _aEnglish
100 _aB. M. Chaturvedi
245 0 _aSupply Chain Management - Efficiency & Performance Measurement
_cby B. M. Chaturvedi
260 _c0
650 _aMb
942 _cBK
999 _c16580
_d16580